Cities in Finland by Photo - Statistics

General Stats
  • This quiz has been taken 59 times
  • The average score is 11 of 16
Answer Stats
Picture Answer % Correct
Helsinki
100%
Tampere
93%
Turku
91%
Oulu
78%
Porvoo
75%
Rovaniemi
73%
Vaasa
71%
Jyväskylä
69%
Kuopio
69%
Pori
69%
Lahti
64%
Joensuu
58%
Hämeenlinna
51%
Lappeenranta
49%
Kotka
42%
Mariehamn
11%
No matching quizzes found
Score Distribution
Percent of People with Each Score
Percentile by Number Answered
Your Score History
You have not taken this quiz